000 00898nam0a22002411 4500
001 rc\291902
005 20030307121123.2
035 _a(NLR Aleph) 005523069
090 _a5528956
_c5528956
100 _a20030307d1990 u |0rusy50 ca
101 0 _arus
102 _aRU
105 _aa |||||||||
200 1 _aОсновы квантовой электроники
_eУчеб. пособие
_fГос. ком. СССР по нар. образованию. Днепропетр. гос. ун-т им. 300-летия воссоединения Украины с Россией
210 _aДнепропетровск
_cДГУ
_d1990
215 _a56 с.
_cил.
_d20
320 _aБиблиогр.: с. 56
700 1 _aБугрим
_bЕ. Д.
_gЕвгений Демьянович
801 0 _aRU
_bNLR
_gpsbo
801 1 _aRU
_bELAR
_2rusmarc
852 _aNLR
_j90-4/10998
942 _cBOOK
980 _aNB